<?xml version="1.0" encoding="UTF-8"?>
<record
    xmlns:xsi="http://www.w3.org/2001/XMLSchema-instance"
    xsi:schemaLocation="http://www.loc.gov/MARC21/slim http://www.loc.gov/standards/marcxml/schema/MARC21slim.xsd"
    xmlns="http://www.loc.gov/MARC21/slim">

  <leader>01409nam a2200253Ia 4500</leader>
  <datafield tag="952" ind1=" " ind2=" ">
    <subfield code="0">0</subfield>
    <subfield code="1">0</subfield>
    <subfield code="4">0</subfield>
    <subfield code="7">0</subfield>
    <subfield code="a">18</subfield>
    <subfield code="b">18</subfield>
    <subfield code="d">2011-01-10</subfield>
    <subfield code="l">1</subfield>
    <subfield code="m">1</subfield>
    <subfield code="o">K155 G65 2005</subfield>
    <subfield code="p">18 000736</subfield>
    <subfield code="r">2017-03-27</subfield>
    <subfield code="s">2017-03-22</subfield>
    <subfield code="t">1</subfield>
    <subfield code="w">2012-06-26</subfield>
    <subfield code="y">LB</subfield>
  </datafield>
  <datafield tag="952" ind1=" " ind2=" ">
    <subfield code="0">0</subfield>
    <subfield code="1">0</subfield>
    <subfield code="4">0</subfield>
    <subfield code="7">0</subfield>
    <subfield code="a">18</subfield>
    <subfield code="b">18</subfield>
    <subfield code="d">2016-10-26</subfield>
    <subfield code="l">7</subfield>
    <subfield code="o">K155 G65 2005</subfield>
    <subfield code="p">18 003891</subfield>
    <subfield code="r">2019-01-05</subfield>
    <subfield code="s">2018-12-15</subfield>
    <subfield code="t">2</subfield>
    <subfield code="w">2016-10-26</subfield>
    <subfield code="y">LB</subfield>
  </datafield>
  <datafield tag="952" ind1=" " ind2=" ">
    <subfield code="0">0</subfield>
    <subfield code="1">0</subfield>
    <subfield code="2">ddc</subfield>
    <subfield code="4">0</subfield>
    <subfield code="7">0</subfield>
    <subfield code="a">13</subfield>
    <subfield code="b">13</subfield>
    <subfield code="d">2011-01-10</subfield>
    <subfield code="l">0</subfield>
    <subfield code="o">K155 G65 2005</subfield>
    <subfield code="p">13 005063</subfield>
    <subfield code="r">2025-04-16</subfield>
    <subfield code="t">1</subfield>
    <subfield code="w">2012-06-26</subfield>
    <subfield code="y">LB</subfield>
    <subfield code="f"></subfield>
  </datafield>
  <datafield tag="999" ind1=" " ind2=" ">
    <subfield code="c">74175</subfield>
    <subfield code="d">74175</subfield>
  </datafield>
  <controlfield tag="005">20231102151132.0</controlfield>
  <controlfield tag="008">120626s2005    mx     fr     000 0 spa d</controlfield>
  <datafield tag="020" ind1=" " ind2=" ">
    <subfield code="a">9789706138125</subfield>
  </datafield>
  <datafield tag="020" ind1=" " ind2=" ">
    <subfield code="a">9706138129</subfield>
  </datafield>
  <datafield tag="050" ind1="0" ind2="4">
    <subfield code="a">K155</subfield>
    <subfield code="b">G65 2005</subfield>
  </datafield>
  <datafield tag="100" ind1="1" ind2=" ">
    <subfield code="a">G&#xF3;mez Lara, Cipriano</subfield>
    <subfield code="e">autor</subfield>
  </datafield>
  <datafield tag="245" ind1="1" ind2="0">
    <subfield code="a">Derecho procesal civil</subfield>
    <subfield code="c"> / Cipriano G&#xF3;mez Lara</subfield>
  </datafield>
  <datafield tag="250" ind1=" " ind2=" ">
    <subfield code="a">7a. edici&#xF3;n</subfield>
  </datafield>
  <datafield tag="260" ind1="3" ind2=" ">
    <subfield code="a">M&#xE9;xico</subfield>
    <subfield code="b"> : Oxford</subfield>
    <subfield code="c">, 2005</subfield>
  </datafield>
  <datafield tag="300" ind1=" " ind2=" ">
    <subfield code="a">xxiii, 380 p&#xE1;ginas</subfield>
  </datafield>
  <datafield tag="490" ind1=" " ind2=" ">
    <subfield code="a">Textos jur&#xED;dicos universitarios </subfield>
  </datafield>
  <datafield tag="500" ind1=" " ind2=" ">
    <subfield code="a">(5a. reimpresi&#xF3;n 2009) (12a. reimpresi&#xF3;n 2013)</subfield>
  </datafield>
  <datafield tag="504" ind1=" " ind2=" ">
    <subfield code="a">Bibliograf&#xED;a (pp. 363-366)</subfield>
  </datafield>
  <datafield tag="505" ind1=" " ind2=" ">
    <subfield code="a">Proceso y juicio
Las fases procesales
La demanda
Interposici&#xF3;n de la demanda
El emplazamiento y sus efectos
La participaci&#xF3;n activa del demandado
La reconvenci&#xF3;n
Contumacia o rebeld&#xED;a
Audiencia previa y de conciliaci&#xF3;n
Las costas procesales
La prueba
La carga de la prueba
El objeto de la prueba
Procedimiento probatorio
Prueba de confesi&#xF3;n
Prueba documental
Prueba pericial
Inspecci&#xF3;n o reconocimiento judicial
Prueba testifical
Presunciones
Citaci&#xF3;n para sentencias
La sentencia civil
Revocaci&#xF3;n, reposici&#xF3;n y queja
El juicio ejecutivo</subfield>
  </datafield>
  <datafield tag="519" ind1=" " ind2=" ">
    <subfield code="a">Plan Flexible / </subfield>
    <subfield code="b">Derecho / </subfield>
    <subfield code="c">Derecho Procesal Civil (P24-3) / </subfield>
    <subfield code="d">(18 000736)</subfield>
  </datafield>
  <datafield tag="519" ind1=" " ind2=" ">
    <subfield code="a">Educaci&#xF3;n Mixta / </subfield>
    <subfield code="b">Derecho / </subfield>
    <subfield code="c">Derecho Procesal Civil (P24-3) / </subfield>
    <subfield code="d">(18 003891)</subfield>
  </datafield>
  <datafield tag="650" ind1=" " ind2="0">
    <subfield code="a">PROCEDIMIENTO CIVIL</subfield>
  </datafield>
  <datafield tag="942" ind1=" " ind2=" ">
    <subfield code="c">LB</subfield>
  </datafield>
</record>
